| 000 | 00675nam a2200277Ia 4500 | ||
|---|---|---|---|
| 008 | 181129s9999 xx 000 0 und d | ||
| 020 | _a9780394868776 | ||
| 050 | _bZ65 2003 | ||
| 100 | _aZiefert, Harriet | ||
| 245 | 0 | _aSleepy dog / | |
| 245 | 0 | _cby Harriet Ziefert ; illustrated by Norman Gorbaty. | |
| 260 | _aNew York, NY : | ||
| 260 | _bScholastic, | ||
| 260 | _c2003 | ||
| 300 | _a32 pages : | ||
| 300 | _bcolor illustrations ; | ||
| 300 | _c23cm. | ||
| 440 | _aStep into reading step 1. | ||
| 500 | _aBR | ||
| 650 | _aBedtime. | ||
| 650 | _aDreams. | ||
| 650 | _aNight. | ||
| 700 | _aGorbaty, Norman. | ||
| 700 | _aSeries. | ||
| 700 | _aTitle. | ||
| 999 |
_c359969 _d359969 |
||